Welche Stadt gibt es wirklich in Deutschland? - Statistiken

Allgemein
  • Dieses Quiz wurde 363 mal gespielt
  • Das Durchschnittsergebnis liegt bei 13 aus 16
Antwortstatistiken
Frage Antwort % Korrekt
Niedersachsen, 102.000 Hildesheim
97%
Saarland, 48.000 Neunkirchen
96%
Baden-Württemberg, 26.000 Rottweil
95%
Rheinland-Pfalz, 17.000 Remagen
92%
Baden-Württemberg, 47.000 Bruchsal
91%
Sachsen-Anhalt, 38.000 Halberstadt
91%
Bayern, 13.000 Feuchtwangen
88%
Mecklenburg-Vorpommern, 13.000 Bad Doberan
85%
Rheinland-Pfalz, 5.000 Cochem
85%
Baden-Württemberg, 26.000 Weingarten
84%
Brandenburg, 45.000 Falkensee
83%
Nordrhein-Westfalen, 77.000 Rheine
79%
Baden-Württemberg, 23.000 Überlingen
69%
Brandenburg, 8.000 Calau
66%
Bayern, 15.000 Schwabmünchen
65%
Niedersachsen, 20.000 Bückeburg
59%
Keine übereinstimmenden Quizze gefunden
Verteilung der Resultate
Anzahl Personen mit jedem Resultat
Perzentil nach korrekt beantworteten Fragen
Ihre Resultats-Entwicklung
Sie haben dieses Quiz noch nicht gespielt